000 00989na a2200289 4500
001 14482
003 MIRAKIL
005 20181213154843.0
008 160829b tu 000 0
020 _a9789753638647
035 _a14482
040 _aMilas
_btur
_cTR-AnCHP
082 _aDAN 340.03
_bG91t 2010
090 _aDAN 340.03 G91t 2010
100 _aGüçlü, Yaşar
240 _aTarım hukuku sözlüğü
245 _aAçıklamalı Türkçe-İngilizce İngilizce-Türkçe tarım hukuku sözlüğü
_b= Turkish-English English-Turkish agricultural law dictionary
_cYaşar Güçlü, Serkan Yıkarbaba
246 _aAgricultural law dictionary
246 _aTarım hukuku sözlüğü
260 _aAnkara
_bAnkara Barosu Yayınları
_c2010
_fCumhuriyet Matbaası
300 _a399 s.
_c21 sm.
650 _aHukuk
_xSözlükler
650 _aTarım hukuku ve mevzuatı
_xSözlükler
650 _aTarım
_xSözlükler
700 _aYıkarbaba, Serkan
942 _2ddc
_cBKS
999 _c2032
_d2032